Linkin Park Songs - Sudden Death - Statistics

General Stats
  • This quiz has been taken 428 times
  • The average score is 7 of 10
Answers on the Grid
Answers color-coded by a green-red scale on the quiz's grid according to % correct below.
Bleed the Memory Dry
Breaking the Habit
Burn the Afterimage
Carry the Collapse
Crawling
Easier to Run
Echoes I Can’t Escape
Falling Past the Line
Fractured Reflection
From the Inside
Hollow Frame of You
In the End
Lost Between the Screams
Mark the Graves
Numb
One Step Closer
Pieces Left Unsaid
Powerless
Running from the Silence
Shadows I Can’t Outrun
Shattered Signal
Signal Fading Fast
Somewhere I Belong
Static in My Veins
The Weight of Noise
Through the Broken Glass
Trapped in the Undertone
Voices in the Static
When the Silence Breaks
Wires Under My Skin
 
Answer Stats
Answer % Correct
Numb
96%
Crawling
94%
In the End
94%
Breaking the Habit
86%
One Step Closer
86%
Somewhere I Belong
79%
From the Inside
70%
Easier to Run
60%
Powerless
40%
Mark the Graves
26%
No matching quizzes found
Score Distribution
Percent of People with Each Score
Percentile by Number Answered
Your Score History
You have not taken this quiz